Sustainability and Intergenerational Transfers

Guardado en:
Detalles Bibliográficos
Autor principal: Klepper, Gernot
Formato: Libro
Lenguaje:inglés
Publicado: Kiel Institut für Weltwirtschaft 1995
Colección:Kiel Working Paper No.683
Materias:
Etiquetas: Agregar Etiqueta
Sin Etiquetas, Sea el primero en etiquetar este registro!

MARC

LEADER 00000nam a2200000 4500
001 c010687
005 20250521093108.8
041 0 |a eng 
044 |a DE 
245 1 0 |a Sustainability and Intergenerational Transfers  |c Gernot Klepper 
264 1 |a Kiel  |b Institut für Weltwirtschaft  |c 1995 
300 |a 26 s. 
490 1 |a Kiel Working Paper  |v No.683 
830 0 |a Kiel Working Paper  |v No.683 
610 2 0 |a rozvoj trvalo udržateľný 
610 2 0 |a rast hospodársky 
610 2 0 |a modelovanie 
610 2 0 |a populácia 
610 2 0 |a dane 
610 2 0 |a úroveň životná 
610 2 0 |a ceny 
610 2 0 |a modely rastu 
610 2 0 |a zdroje prírodné 
610 2 0 |a generácie 
100 1 |a Klepper, Gernot